LEADER 00971nam a2200205 i 4500 001 000000169595 003 CaOOAMICUS 005 20080226000000.0 008 080226s2004 it u000 u ita u 013 $a146998 040 $aSeMil$bita 245 10$aRicordare misérie :$btestimonianze di alpini vermigliani nella 2° guerra mondiale /$ca cura di Daniele Bertolini ... [et al.]. 260 $aVermiglio :$bComitato Forte Strino,$ccopyr. 2004. 300 $a155 p. :$bill. ;$c22 cm. 650 4$aEsercito italiano - Alpini - Diari e memorie.$0(OLS)http://semarc/subject/15368 700 1 $aBertolini, Daniele.$0(OLS)http://semarc/name/63558 850 $aSeMil 852 $aSeMil$W1$xVenegono$y1$m1503 1 *$j120518$B120518$CSeMilBibl$Z2$F132076 $81 996 $6245$aRicordare misérie :$btestimonianze di alpini vermigliani nella 2° guerra mondiale$9(OLS)http://semarc/title/242539 996 $6260$aVermiglio :$bComitato Forte Strino$9(OLS)http://semarc/publisher/48858 LEADER 01324nam a2200289 i 4500 001 000000102532 003 CaOOAMICUS 005 20231213110503.0 008 160509s2000 it u000 u ita u 013 $a74685 020 $a88-10-40738-5 040 $aSeMil$bita 100 1 $aCirignano, Giulio.$0(OLS)http://semarc/name/30954 245 10$aMarco :$bun Vangelo di paura e di gioia : esegesi e psicologia di sentimenti contrapposti /$cGiulio Cirignano, Ferdinando Montuschi. 260 $aBologna :$bEDB,$c2000. 300 $a218 p. ;$c22 cm. 490 0 $aStudi biblici ;$v37 650 4$aBibbia. Nuovo Testamento. Vangelo secondo Marco - Commentari, studi, critica, interpretazioni.$0(OLS)http://semarc/subject/143 700 1 $aMontuschi, Ferdinando.$0(OLS)http://semarc/name/24421 830 0$aStudi biblici ;$v37.$0(OLS)http://semarc/title/438659 850 $aSeMil 852 $aSeMil$W1$xVenegono$y1$m2YA V 37$j263928$B59033$CSeMilBibl$Z2$F70044 $81 961 $aRecupero: Seminario di Seveso 996 $6020$a88-10-40738-5$9(OLS)http://semarc/number/82196 996 $6245$aMarco :$bun Vangelo di paura e di gioia : esegesi e psicologia di sentimenti contrapposti$9(OLS)http://semarc/title/149198 996 $6260$aBologna :$bEDB$9(OLS)http://semarc/publisher/29669